| 000 | 00394 a2200157 4500 | ||
|---|---|---|---|
| 001 | 92108 | ||
| 082 | _a290 AZM | ||
| 090 |
_c44072 _d44071 |
||
| 100 | _aSadik J. Al-Azm | ||
| 245 |
_aIs islam secularizable _bChallenging Political and Religious Taboos |
||
| 250 | _a1 | ||
| 260 |
_aLahore _bVanguard Books _c2014 |
||
| 300 |
_a245p. _bHb |
||
| 500 | _aGeneral Book | ||
| 740 | _asecular islam | ||
| 942 |
_aCAE NUST _k290 AZM |
||
| 999 |
_c327181 _d327181 |
||